Particle Polarization in High Energy Physics (Запис № 573596)
[ простий вигляд ]
| 000 -LEADER | |
|---|---|
| fixed length control field | 04435nam a22006015i 4500 |
| 001 - CONTROL NUMBER | |
| control field | 978-3-031-08876-6 |
| 003 - CONTROL NUMBER IDENTIFIER | |
| control field | DE-He213 |
| 005 - DATE AND TIME OF LATEST TRANSACTION | |
| control field | 20240828123430.0 |
| 007 - PHYSICAL DESCRIPTION FIXED FIELD--GENERAL INFORMATION | |
| fixed length control field | cr nn 008mamaa |
| 008 - FIXED-LENGTH DATA ELEMENTS--GENERAL INFORMATION | |
| fixed length control field | 221216s2023 sz | s |||| 0|eng d |
| 020 ## - INTERNATIONAL STANDARD BOOK NUMBER | |
| International Standard Book Number | 9783031088766 |
| -- | 978-3-031-08876-6 |
| 024 7# - OTHER STANDARD IDENTIFIER | |
| Standard number or code | 10.1007/978-3-031-08876-6 |
| Source of number or code | doi |
| 050 #4 - LIBRARY OF CONGRESS CALL NUMBER | |
| Classification number | QC793-793.5 |
| 050 #4 - LIBRARY OF CONGRESS CALL NUMBER | |
| Classification number | QC174.45-174.52 |
| 072 #7 - SUBJECT CATEGORY CODE | |
| Subject category code | PHP |
| Source | bicssc |
| 072 #7 - SUBJECT CATEGORY CODE | |
| Subject category code | SCI057000 |
| Source | bisacsh |
| 072 #7 - SUBJECT CATEGORY CODE | |
| Subject category code | PHP |
| Source | thema |
| 082 04 - DEWEY DECIMAL CLASSIFICATION NUMBER | |
| Classification number | 530.14 |
| Edition number | 23 |
| 100 1# - MAIN ENTRY--PERSONAL NAME | |
| Personal name | Faccioli, Pietro. |
| Relator term | author. |
| Relator code | aut |
| -- | http://id.loc.gov/vocabulary/relators/aut |
| 9 (RLIN) | 6824 |
| 245 10 - TITLE STATEMENT | |
| Title | Particle Polarization in High Energy Physics |
| Medium | [electronic resource] : |
| Remainder of title | An Introduction and Case Studies on Vector Particle Production at the LHC / |
| Statement of responsibility, etc | by Pietro Faccioli, Carlos Lourenço. |
| 250 ## - EDITION STATEMENT | |
| Edition statement | 1st ed. 2023. |
| 264 #1 - | |
| -- | Cham : |
| -- | Springer International Publishing : |
| -- | Imprint: Springer, |
| -- | 2023. |
| 300 ## - PHYSICAL DESCRIPTION | |
| Extent | XV, 302 p. 127 illus. in color. |
| Other physical details | online resource. |
| 336 ## - | |
| -- | text |
| -- | txt |
| -- | rdacontent |
| 337 ## - | |
| -- | computer |
| -- | c |
| -- | rdamedia |
| 338 ## - | |
| -- | online resource |
| -- | cr |
| -- | rdacarrier |
| 347 ## - | |
| -- | text file |
| -- | |
| -- | rda |
| 490 1# - SERIES STATEMENT | |
| Series statement | Lecture Notes in Physics, |
| Міжнародний стандартний серійний номер для назви серії (ISSN) | 1616-6361 ; |
| Том/ позначення послідовності | 1002 |
| 505 0# - FORMATTED CONTENTS NOTE | |
| Formatted contents note | 1. Introduction -- 2. Basics of Angular Distributions -- 3. Two-body Decays of vector particles -- 4. Pitfalls in Polarization Measurements -- 5. Using Polarization to Discriminate Physical Hypotheses. |
| 506 0# - RESTRICTIONS ON ACCESS NOTE | |
| Terms governing access | Open Access |
| 520 ## - SUMMARY, ETC. | |
| Summary, etc | This open-access book addresses the following questions: how does the polarization of a particle, i.e., the angular momentum state in which it is produced, manifest itself in nature? What are the concepts and tools needed to perform rigorous measurements providing complete and unambiguous physical information? Polarization measurements are important because they reflect the nature and coupling properties of a particle and provide unique insights into the underlying fundamental interactions, playing a central role in the study and understanding of the mechanisms of particle production. Besides gradually reviewing many fundamental notions, the book presents several case studies relevant to physics analyses underway at the LHC, including the lepton-antilepton decays of vector states (Drell–Yan, Z and W bosons, quarkonia, etc.). The book also offers a detailed discussion of cascade decays, where the vector particle is a daughter of another particle, as well as a survey of typical angular distributions of particles of any integer or half-integer spin. With a visual approach to the presentation of the concepts and frequent use of pedagogical examples, taken from real measurements, gedankenexperiments, or detailed simulations, the book focuses on aspects of polarization measurements that are sometimes underestimated or left unexplored in experimental analyses, such as the importance of the choice of the reference frame, the existence of frame-independent relations, and the shapes of the physically allowed parameter domains. Several examples are provided of pitfalls introduced when the intrinsic multidimensionality of the problem is neglected in exchange for a simplified analysis. Targeting an audience of graduate students, post-docs, and other researchers involved in analyses of LHC data, this book helps to establish a solid bridge between high precision data, existing or soon to be collected, and accurate measurements, including high-sensitivity tests of the Standard Model. |
| 650 #0 - SUBJECT ADDED ENTRY--TOPICAL TERM | |
| Topical term or geographic name as entry element | Elementary particles (Physics). |
| 650 #0 - SUBJECT ADDED ENTRY--TOPICAL TERM | |
| Topical term or geographic name as entry element | Quantum field theory. |
| 650 #0 - SUBJECT ADDED ENTRY--TOPICAL TERM | |
| Topical term or geographic name as entry element | Measurement. |
| 650 #0 - SUBJECT ADDED ENTRY--TOPICAL TERM | |
| Topical term or geographic name as entry element | Measuring instruments. |
| 650 #0 - SUBJECT ADDED ENTRY--TOPICAL TERM | |
| Topical term or geographic name as entry element | Particle accelerators. |
| 650 14 - SUBJECT ADDED ENTRY--TOPICAL TERM | |
| Topical term or geographic name as entry element | Elementary Particles, Quantum Field Theory. |
| 650 24 - SUBJECT ADDED ENTRY--TOPICAL TERM | |
| Topical term or geographic name as entry element | Measurement Science and Instrumentation. |
| 650 24 - SUBJECT ADDED ENTRY--TOPICAL TERM | |
| Topical term or geographic name as entry element | Accelerator Physics. |
| 700 1# - ADDED ENTRY--PERSONAL NAME | |
| Personal name | Lourenço, Carlos. |
| Relator term | author. |
| Relator code | aut |
| -- | http://id.loc.gov/vocabulary/relators/aut |
| 9 (RLIN) | 6833 |
| 710 2# - ADDED ENTRY--CORPORATE NAME | |
| Corporate name or jurisdiction name as entry element | SpringerLink (Online service) |
| 773 0# - HOST ITEM ENTRY | |
| Title | Springer Nature eBook |
| 776 08 - ADDITIONAL PHYSICAL FORM ENTRY | |
| Display text | Printed edition: |
| International Standard Book Number | 9783031088742 |
| 776 08 - ADDITIONAL PHYSICAL FORM ENTRY | |
| Display text | Printed edition: |
| International Standard Book Number | 9783031088759 |
| 830 #0 - SERIES ADDED ENTRY--UNIFORM TITLE | |
| Uniform title | Lecture Notes in Physics, |
| -- | 1616-6361 ; |
| Volume number/sequential designation | 1002 |
| 856 40 - ELECTRONIC LOCATION AND ACCESS | |
| Uniform Resource Identifier | <a href="https://doi.org/10.1007/978-3-031-08876-6">https://doi.org/10.1007/978-3-031-08876-6</a> |
| 912 ## - | |
| -- | ZDB-2-PHA |
| 912 ## - | |
| -- | ZDB-2-SXP |
| 912 ## - | |
| -- | ZDB-2-LNP |
| 912 ## - | |
| -- | ZDB-2-SOB |
Немає доступних примірників.